000 nam a22 7a 4500
999 _c7438
_d7438
008 170901b xxu||||| |||| 00| 0 eng d
100 _aGriesbach Schulz
_93963
245 _aDeutsche Sprachlehre fur Auslander
260 _aChennai
_bMax Hueber Verlag
_c1983